| 000 | 01063nam a2200265Ia 4500 | ||
|---|---|---|---|
| 003 | OSt | ||
| 005 | 20221005110641.0 | ||
| 006 | a|||||r|||| 00| 0 | ||
| 007 | ta | ||
| 008 | 221004b |||||||| |||| 00| 0 hin d | ||
| 020 |
_a9788126722884 (hbk) _c200 |
||
| 024 | _a21371 | ||
| 037 |
_bBR8453, 23/03/2015, Rajkamal Prakashan Pvt. Ltd. _cTextual |
||
| 040 |
_aCRL _cCRL _bhin |
||
| 041 |
_2hin _ahin |
||
| 082 | _aO168,1M46:g, 152Q2 | ||
| 100 | _aफ़ारूक़ी, शम्सुर्रहमान | ||
| 245 | 0 | _aअकबर इलाहाबादी पर एक और नज़र | |
| 246 | _aAkabar ilāhābādī par ek aur naज़ra | ||
| 260 |
_aनई दिल्ली _bराजकमल प्रकाशन भारत _c2012 |
||
| 300 |
_a86पृ0 _ccm. |
||
| 650 | _aउर्दू साहित्य | ||
| 942 |
_hO168,1M46:g, 152Q2 _cTEXL _2cc |
||
| 999 |
_c1019476 _d1019476 |
||